00386nam a2200109Ia 4500008004100000100002400041245008000065260003900145440002900184650002200213856004100235171212s9999 xx 000 0 und d aSlapin, Jonathan B. cSlapin, Jonathan B.aVeto PowerbInstitutional Design in the European Union bUniversity of Michigan Pressc2011 aNew Comparative Politics aPolitical Science uhttp://jstor.org/stable/j.ctt1qv5nfq